00970nabaa22001697a 4500003000400000005001700004008004100021040000700062100002600069245010400095300001300199500003700212505032300249505008900572650002700661773011200688OSt20260123232944.0190701b xxu||||| |||| 00| 0 spa d cPJ aSuárez, Roberto C. 10aUna mirada al procedimiento como elemento esencial del acto administrativo /cRoberto C. Suárez.  ap. 82-86 aCita: TR LALEY AR/DOC/1112/2024  aSumario: I. Introducción.— II. El acto, fruto de un procedimiento que tiende a limitar prerrogativas.— III. El procedimiento administrativo y adjetivo.— IV. El dictamen de los servicios jurídicos permanentes.— V. El procedimiento y las formas como garantía del administrado.— VI. Algunas conclusiones.  t¿Te interesa el texto completo? Comunicate al correo: koha@justierradelfuego.gov.ar 0aDERECHO ADMINISTRATIVO0 02842dBuenos Aires : AbeledoPerrot, 2012-oDA121tDerecho administrativo. Nº 153 mayo/junio 2024z18510590